| 000 | 00953nam0a22002891 4500 | ||
|---|---|---|---|
| 001 | rc\89210 | ||
| 005 | 20021216131907.7 | ||
| 035 | _a(NLR Aleph) 005356054 | ||
| 090 |
_a6848127 _c6848127 |
||
| 100 | _a20021216d1993 u |0rusy50 ca | ||
| 101 | 0 | _arus | |
| 102 | _aRU | ||
| 105 | _aa ||||||||| | ||
| 200 | 1 |
_aБелое перышко _eРассказы |
|
| 210 |
_aКазань _cПанорама _d1993 |
||
| 215 |
_a[1], 48 с. _cпортр. _d20 |
||
| 225 | 1 |
_aБиблиотека журнала "Казань" _v№ 5 |
|
| 327 | 1 | _aСодерж.: Белое перышко; Два волчонка; Витюк | |
| 464 | 0 | _12001#$aБелое перышко | |
| 464 | 0 | _12001#$aДва волчонка | |
| 464 | 0 | _12001#$aВитюк | |
| 700 | 1 |
_aРадзиевская _bС. Б. _f1892-1989 _gСофья Борисовна |
|
| 801 | 0 |
_aRU _bNLR _gpsbo |
|
| 801 | 1 |
_aRU _bELAR _2rusmarc |
|
| 852 |
_aNLR _j93-4/3456 |
||
| 942 | _cBOOK | ||
| 980 | _aNB | ||